[Event "Krakow Malopolski op"]
[Site "Krakow"]
[Date "2022.06.18"]
[Round "5"]
[White "Kuciel, Wladyslaw"]
[Black "Hilarecki, Grzegorz"]
[Result "1-0"]
[WhiteElo "1930"]
[BlackElo "1868"]
[PlyCount "67"]
[EventDate "2022.06.16"]
[EventType "swiss"]
[EventRounds "7"]
[EventCountry "POL"]
[SourceTitle "EXT 2023"]
[Source "ChessBase"]
[SourceDate "2022.10.05"]
[SourceVersion "1"]
[SourceVersionDate "2022.10.05"]
[SourceQuality "1"]

1. d4 Nf6 2. c4 c5 3. d5 b5 4. Qc2 b4 5. e4 d6 6. h3 g6 7. Nf3 Bg7 8. Bd3 0-0 9. 0-0 a5 10. a4 bxa3 11. Rxa3 Na6 12. Nc3 Nb4 13. Qe2 Nxd3 14. Qxd3 Nd7 15. Qe2 Nb6 16. Bf4 e5 17. Bg5 f6 18. Bd2 Bd7 19. b3 f5 20. Rfa1 a4 21. bxa4 fxe4 22. Ng5 e3 23. Bxe3 e4 24. Ngxe4 Nxa4 25. Rxa4 Bxa4 26. Rxa4 Rxa4 27. Nxa4 Qa5 28. Naxc5 dxc5 29. Nxc5 Rc8 30. Qg4 Re8 31. Ne6 Be5 32. g3 Qe1+ 33. Kg2 Ra8 34. Ng5 1-0

[Event "Krakow Malopolski op"]
[Site "Krakow"]
[Date "2022.06.17"]
[Round "4"]
[White "Hilarecki, Grzegorz"]
[Black "Szlosarczyk, Hubert"]
[Result "1-0"]
[WhiteElo "1868"]
[BlackElo "1654"]
[PlyCount "75"]
[EventDate "2022.06.16"]
[EventType "swiss"]
[EventRounds "7"]
[EventCountry "POL"]
[SourceTitle "EXT 2023"]
[Source "ChessBase"]
[SourceDate "2022.10.05"]
[SourceVersion "1"]
[SourceVersionDate "2022.10.05"]
[SourceQuality "1"]

1. d4 d5 2. Nf3 Nf6 3. Bg5 e6 4. e3 Be7 5. Nbd2 Nbd7 6. Bd3 b6 7. Qe2 Bb7 8. c3 Ne4 9. Bf4 c5 10. Ne5 Nxe5 11. Bxe5 Nxd2 12. Bxg7 Qd7 13. Bxh8 0-0-0 14. Be5 Ne4 15. Bb5 Bc6 16. Bxc6 Qxc6 17. Qa6+ Kd7 18. a4 f6 19. Bg3 cxd4 20. exd4 f5 21. Qb5 Rf8 22. f3 f4 23. fxe4 fxg3 24. exd5 exd5 25. hxg3 Rf7 26. Ke2 Bd6 27. Rh5 Bxg3 28. Qxd5+ Qxd5 29. Rxd5+ Kc6 30. Rh5 Bd6 31. b4 Re7+ 32. Kd3 Rg7 33. Rf1 Rg3+ 34. Kc4 Rxg2 35. Rf6 Kd7 36. Rxh7+ Be7 37. Rff7 Re2 38. Rxe7+ 1-0

[Event "Lazy op 14th"]
[Site "Lazy"]
[Date "2018.07.03"]
[Round "9"]
[White "Hilarecki, Grzegorz"]
[Black "Luba, Lukasz"]
[Result "0-1"]
[WhiteElo "2023"]
[BlackElo "2094"]
[PlyCount "58"]
[EventDate "2018.06.24"]
[EventType "swiss"]
[EventRounds "9"]
[EventCountry "POL"]
[SourceTitle "CBM 185 Extra"]
[Source "ChessBase"]
[SourceDate "2018.07.29"]
[SourceVersion "1"]
[SourceVersionDate "2018.07.29"]
[SourceQuality "1"]

1. d4 c6 2. Bf4 Qb6 3. Nf3 Qxb2 4. Nbd2 Na6 5. Rb1 Qc3 6. Rb3 Qa5 7. e4 Nf6 8. Bd3 Nb4 9. 0-0 Nxd3 10. Rxd3 d5 11. e5 Nh5 12. Be3 g6 13. h3 Ng7 14. g4 h5 15. Nh2 hxg4 16. hxg4 Qxa2 17. Nb3 b6 18. Qd2 Qa6 19. f4 Qb7 20. Rb1 Qd7 21. Qg2 a5 22. Bc1 Ba6 23. Rg3 a4 24. Nd2 Qa7 25. c4 e6 26. Nhf3 b5 27. c5 Bxc5 28. dxc5 Qxc5+ 29. Qf2 Rh1+ 0-1

[Event "Lazy op 14th"]
[Site "Lazy"]
[Date "2018.07.02"]
[Round "8"]
[White "Kruczynski, Marek"]
[Black "Hilarecki, Grzegorz"]
[Result "0-1"]
[WhiteElo "1731"]
[BlackElo "2023"]
[PlyCount "120"]
[EventDate "2018.06.24"]
[EventType "swiss"]
[EventRounds "9"]
[EventCountry "POL"]
[SourceTitle "CBM 185 Extra"]
[Source "ChessBase"]
[SourceDate "2018.07.29"]
[SourceVersion "1"]
[SourceVersionDate "2018.07.29"]
[SourceQuality "1"]

1. e4 d5 2. exd5 Qxd5 3. Nc3 Qa5 4. h3 Nf6 5. d4 Bf5 6. Nf3 e6 7. Bc4 c6 8. Bd2 Bb4 9. a3 Bxc3 10. Bxc3 Qc7 11. Ne5 Nbd7 12. 0-0 0-0 13. f4 Rfd8 14. Qe2 c5 15. g4 Bg6 16. f5 exf5 17. gxf5 Bh5 18. Ng4 Qg3+ 19. Qg2 Qxg2+ 20. Kxg2 Bxg4 21. hxg4 Nxg4 22. Rf3 cxd4 23. Bxd4 Nge5 24. Bxe5 Nxe5 25. Rc3 Rac8 26. Bb3 Rxc3 27. bxc3 Kf8 28. Rh1 h6 29. f6 Rd6 30. fxg7+ Kxg7 31. Rh5 f6 32. Kg3 Kg6 33. Rh4 Kg5 34. Re4 h5 35. Ra4 a6 36. Rb4 b6 37. a4 f5 38. Rd4 Rc6 39. c4 Rf6 40. Rd5 h4+ 41. Kh3 Ng4 42. c5 bxc5 43. Rxc5 Rd6 44. Bd5 Kf4 45. c4 Nf2+ 46. Kh2 Rb6 47. Rc8 Rb2 48. Rh8 h3 49. Kg1 Kg3 50. Kf1 h2 51. c5 h1Q+ 52. Bxh1 Nxh1 53. c6 Rc2 54. Rc8 Kf3 55. Ke1 Ng3 56. c7 f4 57. Ra8 Rxc7 58. Rxa6 Ne4 59. Kd1 Ke3 60. Re6 f3 0-1

[Event "Lazy op 14th"]
[Site "Lazy"]
[Date "2018.06.29"]
[Round "6"]
[White "Madej, Marek"]
[Black "Hilarecki, Grzegorz"]
[Result "0-1"]
[WhiteElo "1786"]
[BlackElo "2023"]
[PlyCount "86"]
[EventDate "2018.06.24"]
[EventType "swiss"]
[EventRounds "9"]
[EventCountry "POL"]
[SourceTitle "CBM 185 Extra"]
[Source "ChessBase"]
[SourceDate "2018.07.29"]
[SourceVersion "1"]
[SourceVersionDate "2018.07.29"]
[SourceQuality "1"]

1. e4 d6 2. d4 Nf6 3. Nc3 g6 4. Be3 c6 5. h3 b5 6. Bd3 b4 7. Nce2 Nbd7 8. f4 Bg7 9. Nf3 0-0 10. Qd2 c5 11. g4 Qc7 12. g5 Nh5 13. Nc1 c4 14. Be2 Ng3 15. Rg1 Nxe4 16. Qxb4 Nb6 17. Nd2 a5 18. Qa3 Nxd2 19. Bxd2 Bxd4 20. Be3 Bg7 21. Bf3 Bb7 22. Bxb7 Qxb7 23. Ne2 Nd5 24. Bd4 Bxd4 25. Nxd4 Qb4+ 26. c3 Qxa3 27. bxa3 Nxf4 28. Kd2 e5 29. Nc6 Rfe8 30. Rab1 Rac8 31. Nxa5 Nxh3 32. Rg4 d5 33. Rb5 Nf2 34. Rg2 Ne4+ 35. Kc2 d4 36. Rb4 d3+ 37. Kc1 Nd6 38. Rb6 Re6 39. Rg4 e4 40. Kd1 e3 41. Rd4 Nf5 42. Rxc4 e2+ 43. Ke1 d2+ 0-1

[Event "Lazy op 13th"]
[Site "Lazy"]
[Date "2017.06.29"]
[Round "5"]
[White "Lada, Ireneusz"]
[Black "Hilarecki, Grzegorz"]
[Result "0-1"]
[WhiteElo "1916"]
[BlackElo "2105"]
[PlyCount "98"]
[EventDate "2017.06.25"]
[EventType "swiss"]
[EventRounds "9"]
[EventCountry "POL"]
[SourceTitle "EXT 2018"]
[Source "ChessBase"]
[SourceDate "2017.10.13"]
[SourceVersion "1"]
[SourceVersionDate "2017.10.13"]
[SourceQuality "1"]

1. c4 Nf6 2. Nc3 g6 3. g3 Bg7 4. Bg2 0-0 5. Nf3 d6 6. d3 c6 7. 0-0 Nbd7 8. Rb1 a5 9. a3 e5 10. Ne1 Re8 11. b4 axb4 12. axb4 Nf8 13. Qb3 Bf5 14. Nc2 Qd7 15. e4 Bh3 16. Bg5 Bxg2 17. Kxg2 Ne6 18. Be3 Ng4 19. Bd2 f5 20. f3 Nf6 21. Na4 Rad8 22. b5 c5 23. Nb6 Qf7 24. Ra1 h5 25. Nd5 f4 26. gxf4 Nxd5 27. cxd5 Nxf4+ 28. Bxf4 Qxf4 29. Qc3 Bh6 30. Kh1 Rf8 31. Qe1 Rf6 32. Qe2 Rdf8 33. Ne1 Qh4 34. Qf2 Qh3 35. Qg2 Qd7 36. Qb2 Kh7 37. Rb1 g5 38. Rg1 g4 39. Qg2 Be3 40. Rf1 Qf7 41. Nc2 Bh6 42. Ne1 Qg6 43. h3 Qg5 44. Rb2 Qh4 45. Qh2 Bf4 46. Ng2 Qxh3 47. Qxh3 gxh3 48. Nh4 Ra8 49. Nf5 Rg6 0-1

[Event "Lazy op 13th"]
[Site "Lazy"]
[Date "2017.06.26"]
[Round "2"]
[White "Hilarecki, Grzegorz"]
[Black "Pietras, Maksymilian"]
[Result "1-0"]
[WhiteElo "2105"]
[BlackElo "1615"]
[PlyCount "63"]
[EventDate "2017.06.25"]
[EventType "swiss"]
[EventRounds "9"]
[EventCountry "POL"]
[SourceTitle "EXT 2018"]
[Source "ChessBase"]
[SourceDate "2017.10.13"]
[SourceVersion "1"]
[SourceVersionDate "2017.10.13"]
[SourceQuality "1"]

1. d4 Nf6 2. Nf3 d5 3. Bf4 e6 4. e3 Bd6 5. Ne5 a6 6. Nd2 Qe7 7. Bd3 Nbd7 8. Qe2 c5 9. c3 Nf8 10. Bg5 h6 11. Bh4 g5 12. Bg3 h5 13. h4 g4 14. 0-0-0 Qc7 15. Kb1 N8d7 16. f4 c4 17. Bc2 b5 18. e4 dxe4 19. Nxe4 Bb7 20. Nxf7 Nxe4 21. Nxh8 Ndf6 22. Ng6 0-0-0 23. Bh2 b4 24. cxb4 Bxb4 25. Ne5 Bd5 26. Bxe4 Bxe4+ 27. Ka1 Bd5 28. Rc1 c3 29. Qxa6+ Bb7 30. Qxe6+ Kb8 31. Qb3 Nd5 32. f5 1-0

[Event "Lazy op 10th"]
[Site "Lazy"]
[Date "2014.07.06"]
[Round "6"]
[White "Krainski, Slawomir"]
[Black "Hilarecki, Grzegorz"]
[Result "1/2-1/2"]
[WhiteElo "2039"]
[BlackElo "2144"]
[PlyCount "70"]
[EventDate "2014.06.29"]
[EventType "swiss"]
[EventRounds "9"]
[EventCountry "POL"]
[SourceTitle "CBM 161 Extra"]
[Source "ChessBase"]
[SourceDate "2014.08.29"]
[SourceVersion "1"]
[SourceVersionDate "2014.08.29"]
[SourceQuality "1"]

1. d4 Nf6 2. c4 c5 3. d5 d6 4. Nc3 g6 5. e4 Bg7 6. Be2 0-0 7. Bg5 h6 8. Bf4 b5 9. cxb5 a6 10. bxa6 Bxa6 11. Bxa6 Nxa6 12. Nf3 Qa5 13. 0-0 Nd7 14. Qe2 Rfb8 15. Rab1 g5 16. Bd2 Nb4 17. a3 Nc2 18. h4 g4 19. Ne1 Nxe1 20. Rfxe1 Ne5 21. Nd1 Qa6 22. Ne3 Qxe2 23. Rxe2 e6 24. dxe6 fxe6 25. Bc3 Rxa3 26. Bxe5 Bxe5 27. Nc4 Rab3 28. Nxe5 dxe5 29. Rc1 Rxb2 30. Rxb2 Rxb2 31. Rxc5 Kf7 32. Rxe5 Kf6 33. Rh5 Kg6 34. Ra5 Rb4 35. Re5 Kf6 1/2-1/2

[Event "Lazy op 10th"]
[Site "Lazy"]
[Date "2014.06.30"]
[Round "2"]
[White "Hilarecki, Grzegorz"]
[Black "Tomczak, Jacek"]
[Result "0-1"]
[WhiteElo "2144"]
[BlackElo "2551"]
[PlyCount "98"]
[EventDate "2014.06.29"]
[EventType "swiss"]
[EventRounds "9"]
[EventCountry "POL"]
[SourceTitle "CBM 161 Extra"]
[Source "ChessBase"]
[SourceDate "2014.08.29"]
[SourceVersion "1"]
[SourceVersionDate "2014.08.29"]
[SourceQuality "1"]

1. d4 Nf6 2. Nf3 g6 3. Bf4 Bg7 4. e3 d6 5. h3 0-0 6. Be2 Nbd7 7. 0-0 c5 8. c3 b6 9. Bh2 Bb7 10. a4 a6 11. Qb3 Qc7 12. Na3 Bc6 13. Rad1 Qb7 14. Rfe1 Rac8 15. Nb1 b5 16. axb5 axb5 17. Nbd2 Rfe8 18. Bf1 c4 19. Qc2 Ne4 20. Ra1 e5 21. Nxe4 Bxe4 22. Qd1 Nb6 23. Nd2 Bd5 24. e4 Bc6 25. d5 Bd7 26. Kh1 Na4 27. f3 Bh6 28. Qc2 Nc5 29. b4 cxb3 30. Nxb3 Na4 31. c4 bxc4 32. Na5 Qb2 33. Ra2 Qxc2 34. Rxc2 c3 35. Bg1 Bd2 36. Rd1 Nb2 37. Rdxd2 cxd2 38. Rxd2 Rc1 39. Rxb2 Rxf1 40. Nc4 Rc8 41. Ne3 Ra1 42. Kh2 Rcc1 43. Bf2 Rh1+ 44. Kg3 f5 45. exf5 gxf5 46. f4 Ra4 47. fxe5 f4+ 48. Kf3 fxe3 49. e6 exf2 0-1

[Event "Rowy Jantar op"]
[Site "Rowy"]
[Date "2000.06.??"]
[Round "7"]
[White "Hilarecki, Grzegorz"]
[Black "Skurski, Jan"]
[Result "0-1"]
[WhiteElo "2155"]
[BlackElo "2059"]
[PlyCount "116"]
[EventDate "2000.06.??"]
[EventType "swiss"]
[EventRounds "9"]
[EventCountry "POL"]
[SourceTitle "EXT 2005"]
[Source "ChessBase"]
[SourceDate "2004.11.15"]
[SourceVersion "1"]
[SourceVersionDate "2004.11.15"]
[SourceQuality "1"]

1. d4 Nf6 2. Nf3 g6 3. Bf4 Bg7 4. e3 0-0 5. h3 d6 6. Be2 Nfd7 7. c3 Nc6 8. Bh2 e5 9. 0-0 f5 10. dxe5 Ndxe5 11. Nd4 Kh8 12. Nd2 Qe7 13. b4 Bd7 14. a4 Rae8 15. a5 g5 16. b5 Nd8 17. Qb3 f4 18. exf4 gxf4 19. N2f3 Nxf3+ 20. Bxf3 Qh4 21. Rae1 Re5 22. Rxe5 dxe5 23. Ne2 Be6 24. c4 Rg8 25. Bd5 Bf6 26. Rd1 Qh5 27. Kf1 Qg6 28. Qf3 Bxd5 29. Qxd5 c6 30. Qf3 cxb5 31. cxb5 Qc2 32. Qd3 Qxd3 33. Rxd3 Ne6 34. Rd6 Rd8 35. Rxd8+ Bxd8 36. a6 bxa6 37. bxa6 Nc5 38. Nc1 Bc7 39. Ke2 Nxa6 40. Nd3 Kg7 41. g3 fxg3 42. fxg3 Nb8 43. g4 Kf6 44. Ke3 Nd7 45. Ke4 Ke6 46. g5 a5 47. Bg1 Bd6 48. Be3 a4 49. h4 a3 50. Nc1 Nc5+ 51. Bxc5 Bxc5 52. h5 Bd4 53. h6 Kf7 54. Kf5 Be3 55. Na2 Bd2 56. Kxe5 Kg6 57. Ke4 Bxg5 58. Kf3 Bxh6 0-1

[Event "Krakow festival 7th"]
[Site "Krakow"]
[Date "1996.??.??"]
[Round "6"]
[White "Dobrowolski, Aleksander"]
[Black "Hilarecki, Grzegorz"]
[Result "1-0"]
[WhiteElo "2045"]
[BlackElo "2130"]
[PlyCount "59"]
[EventDate "1996.??.??"]
[EventType "swiss"]
[EventRounds "9"]
[EventCountry "POL"]
[SourceTitle "EXT 2001"]
[Source "ChessBase"]
[SourceDate "2000.11.22"]
[SourceVersion "1"]
[SourceVersionDate "2000.11.22"]
[SourceQuality "1"]

1. d4 Nf6 2. c4 g6 3. Nc3 Bg7 4. e4 d6 5. f3 0-0 6. Bg5 c5 7. d5 h6 8. Be3 e6 9. Qd2 exd5 10. cxd5 h5 11. a4 Re8 12. Nge2 Nh7 13. Nd1 Nd7 14. Nec3 Ne5 15. Be2 f5 16. Nf2 Nf6 17. h3 Nf7 18. 0-0 fxe4 19. fxe4 Ne5 20. Rab1 a5 21. Bg5 Qb6 22. Bb5 Bd7 23. Rbe1 Rf8 24. Nd3 Bxb5 25. Nxb5 Nxd3 26. Qxd3 Nd7 27. Qg3 Be5 28. Bf4 Kh7 29. Qg5 Bf6 30. Qh6+ 1-0